书目信息 |
| 题名: |
文字改革工作问答
|
|
| 作者: | 曹夫昂 著 | |
| 分册: | ||
| 出版信息: | 上海 上海教育出版社 1980.05 |
|
| 页数: | 106页 | |
| 开本: | 19cm | |
| 丛书名: | 文字改革读物 | |
| 单 册: | ||
| 中图分类: | H024 | |
| 科图分类: | ||
| 主题词: | 文字学 | |
| 电子资源: | ||
| ISBN: | ||
| 000 | 00576nam0 2200217 45 | |
| 001 | 0206250844 | |
| 005 | 20060724094130.67 | |
| 010 | @dCNY0.31 | |
| 091 | @a9150.35 | |
| 100 | @a20020625d1980 km y0chiy0120 ea | |
| 101 | 0 | @achi |
| 200 | 1 | @a文字改革工作问答@AWen Zi Gai Ge Gong Zuo Wen Da@f曹夫昂著@FCao Fu Ang Zhu |
| 210 | @a上海@c上海教育出版社@d1980.05 | |
| 215 | @a106页@d19cm | |
| 225 | @a文字改革读物 | |
| 410 | @12001 @a文字改革读物 | |
| 606 | 0 | @a文字学 |
| 690 | @aH024@v3 | |
| 701 | 0 | @a曹夫昂@4著 |
| 801 | @aCN@bTSTC@c20060724 | |
| 905 | @dH024@e6@f3@b32601-603 | |
| 文字改革工作问答/曹夫昂著.-上海:上海教育出版社,1980.05 |
| 106页;19cm.-(文字改革读物) |
| ISBN :CNY0.31 |
| ● |
| 相关链接 |
|
|
|
|
正题名:文字改革工作问答
索取号:H024/6
 
预约/预借
| 序号 | 登录号 | 条形码 | 馆藏地/架位号 | 状态 | 备注 |
| 1 | 0032598 | 000819109 | 第二样本阅览室/ [索取号:H024/6] | 在馆 | |
| 2 | 0032599 | 202159975 | 密集书库/ [索取号:H024/6] | 在馆 | |
| 3 | 0032600 | 001828188 | 密集书库/ [索取号:H024/6] | 在馆 | |
| 4 | 0032601 | 000819092 | 第四借阅区/ [索取号:H024/6] | 在馆 | |
| 5 | 0032602 | 000819127 | 密集书库/ [索取号:H024/6] | 在馆 | |
| 6 | 0032603 | 000819118 | 密集书库/ [索取号:H024/6] | 在馆 | |
| 7 | 0435793 | 204357935 | 密集书库/ [索取号:H024/6] | 在馆 | |
| 8 | 0435794 | 204357944 | 密集书库/ [索取号:H024/6] | 在馆 |